Personnages Féminins dans des Séries TV - Statistiques

Statistiques générales
  • Ce quiz a été pris 61 fois
  • Le résultat moyen est 6 sur 20
Statistiques - réponses
Par images Hint Réponse % Correct
Friends Rachel Green
76%
La Casa de Papel Tokyo
65%
Desperate Housewives Julie Mayer
45%
Orange is the New Black Piper Chapman
45%
Prison Break Sara Tancredi
44%
The 100 Octavia Blake
42%
La Petite Maison dans la Prairie Nellie Oleson
38%
The Walking Dead Judith Grimes
33%
You Guinevere Beck
29%
X-Files Dana Scully
27%
Game of Thrones Missandei
25%
Lost: Les Disparus Kate Austen
24%
Arabesque Jessica Fletcher
20%
Vikings Lagertha
20%
Dallas Pamela Barnes Ewing
16%
Cold Case Lilly Rush
9%
Reine du Sud Teresa Mendoza
9%
24 heures Chrono Kim Bauer
7%
Banshee Rebecca Bowman
7%
Preacher Tulip O'Hare
5%
Aucun quiz correspondant
Distribution des résultats
% des personnes avec chaque résultat
Percentile par nombre de réponses
Votre historique - résultats
Vous n’avez pas pris ce quiz